000 00791nam a2200229 u 4500
001 000025275
005 20200930023657.0
008 110209s1975 sp r 000 | spa d
040 _aDO-SdBNP
_bspa
_cBNPHU
041 1 7 _aspa
_heng
_2Código de idioma MARC
082 _axxx
_bB325n
100 1 _aBasterra, Ramón de
_951792
240 0 _aBlanqui
_lEspañol
245 1 0 _aBlanqui y el blanquismo /
_cSamuel Bernstein ; traducción Dolores Sacristán y José Manuel López.
260 _aMadrid :
_bSiglo Veintiuno,
_c1975.
300 _a388 p. ;
_c21 cm.
534 _aTítulo original :
_tBlanqui
500 _aIncluye notas y referencia bibliográficas al pie de páginas
700 1 _aSacristán, Dolores,
_etr.
_951645
700 1 _aManuel López, José ,
_etr.
_951793
049 _aBNGR
999 _c24768
_d24768